000 01189nam a22002657a 4500
005 2010031104284.0
008 100311t xxu||||| |||| 00| 0 hin d
010 _aHIN-89094
020 _c150.00
035 _aHN-61440
037 _bDBAD / PUB
040 _aDPL
_bHN
082 _a
100 _aचौहान, अनिता सिंह
_93555
245 _aनज़रिया /
_cअनिता सिंह चौहान
246 _aNajariya
_bby Anita Singh Chayhan
260 _aदिल्ली
_bदिनमान प्रकाशन
_c2009
270 _a3014, चर्खेवालान
_bदिल्ली
_e110006
_k23947589
300 _a120पृ
_c22सेमी (सजिल्द)
500 _aसमान ISBN 9788188386307 शीर्षक पुरस्कृत लेखकों की कहानियाँ
650 _aलघु कथाएं, हिन्दी
_91159
650 _aShort stories, Hindi
_93556
942 _2ddc
_cHN
_mचौहान
999 _c34586
_d34586